Návrh zdokonalenia systému personálneho manažérstva v podniku

Uložené v:
Podrobná bibliografia
Hlavný autor: Pecková, Petra (Autor)
Ďalší autori: Sablik, Jozef (Vedúci práce)
Médium: Rukopis Kniha
Jazyk:Slovak
Vydavateľské údaje: 2018
Predmet:
On-line prístup:http://is.stuba.sk/zp/portal_zp.pl?podrobnosti=138706
Tagy: Pridať tag
Žiadne tagy, Buďte prvý, kto otaguje tento záznam!

MARC

LEADER 00000ntm a22000003a 4500
001 stuzp68195
003 SK-STU
005 20180820160148.5
007 ta
008 150427s2015----xo-----f-mn---000-0-slo-d
040 |a STU  |b slo 
041 0 |a slo 
100 1 |a Pecková, Petra  |u 064000  |4 aut  |U MTF Materiálovotechnologická fakulta  |T MTF Ústav priemyselného inžinierstva a manažmentu  |X 87974  |U M4000  |Y 84  |7 87974 
242 0 1 |a The Proposal for Improvement of the Personal Management System in the Company  |y eng 
245 1 0 |a Návrh zdokonalenia systému personálneho manažérstva v podniku 
260 |c 2018 
650 4 |a personálny manažment  |2 slo 
650 4 |a získavanie  |2 slo 
650 4 |a zamestnanec  |2 slo 
650 4 |a výber  |2 slo 
650 4 |a personal management  |2 eng 
650 4 |a selection,  |2 eng 
650 4 |a employee.  |2 eng 
650 4 |a recruitment  |2 eng 
700 1 |a Sablik, Jozef  |u 064000  |k Z1  |4 ths  |U MTF Materiálovotechnologická fakulta  |T MTF Ústav priemyselného inžinierstva a manažmentu  |X 324  |U M4000  |Y 84  |7 A000000324 
856 4 |u http://is.stuba.sk/zp/portal_zp.pl?podrobnosti=138706 
996 |c M* DP-13770  |l MMSKP  |s P  |a 0  |w stuzp68195_0001